|
|
|
|
| LEADER |
00000nam0a2200000 4500 |
| 001 |
57999 |
| 005 |
20231031054651.0 |
| 010 |
|
|
|a 5256002147
|
| 035 |
|
|
|a (RuTPU)RU\TPU\book\61228
|
| 090 |
|
|
|a 57999
|
| 100 |
|
|
|a 20031120d1989 m y0rusy50 ca
|
| 101 |
0 |
|
|a rus
|
| 102 |
|
|
|a RU
|
| 105 |
|
|
|a a j 001zy
|
| 200 |
1 |
|
|a Устройства функциональной электроники и электрорадиоэлементы
|e учебник для вузов
|f Т. А. Рычина, А. В. Зеленский
|
| 205 |
|
|
|a 2-е изд., перераб. и доп.
|
| 210 |
|
|
|a Москва
|c Радио и связь
|d 1989
|
| 215 |
|
|
|a 351 с.
|c ил.
|
| 320 |
|
|
|a Библиогр.: с. 347-349
|
| 610 |
1 |
|
|a радиотехника
|
| 610 |
1 |
|
|a радиоэлектронная аппаратура
|
| 610 |
1 |
|
|a элементы
|
| 610 |
1 |
|
|a РЭА
|
| 610 |
1 |
|
|a надежность
|
| 610 |
1 |
|
|a коммутация
|
| 610 |
1 |
|
|a устройства
|
| 610 |
1 |
|
|a соединители
|
| 610 |
1 |
|
|a конденсаторы
|
| 610 |
1 |
|
|a индуктивность
|
| 610 |
1 |
|
|a катушки
|
| 610 |
1 |
|
|a аналоговые фильтры
|
| 610 |
1 |
|
|a запоминающие устройства
|
| 610 |
1 |
|
|a информация
|
| 610 |
1 |
|
|a отображение
|
| 610 |
1 |
|
|a трансформаторы
|
| 610 |
1 |
|
|a учебники
|
| 675 |
|
|
|a 621.396.69(075.8)
|v 3
|
| 700 |
|
1 |
|a Рычина
|b Т. А.
|g Тамара Андреевна
|
| 701 |
|
1 |
|a Зеленский
|b А. В.
|g Анатолий Васильевич
|
| 801 |
|
1 |
|a RU
|b 63413507
|c 20031120
|g PSBO
|
| 801 |
|
2 |
|a RU
|b 63413507
|c 20211201
|g PSBO
|
| 942 |
|
|
|c BK
|